000 00471nam a2200157 i 4500
001 30774
003 ES-MaACL
005 20230906154243.0
007 t|
008 030127s1931 fr ||||1| fre d
100 1 _aBellessort, André.
_927200
245 1 4 _aLes intellectuels et l'avenement de la troisieme republique (1821-1845) /
_cAndré Bellessort.
260 _aParís :
_b[s.n.,
_c1931] (
_fF. Paillart)
300 _a256 p. ;
_c19 cm.
852 _aES-MaACL
_jB-12550
999 _c30774
_d30774